| 000 | 03059nam a2200277Ia 4500 | ||
|---|---|---|---|
| 003 | CO-CtgCURN | ||
| 005 | 20250408190129.0 | ||
| 008 | 190723s1996 xx 000 0 und d | ||
| 020 | _a9586281221 | ||
| 040 |
_aCO-CtgCURN _bspa _ccoctgcurn |
||
| 082 |
_a346 _bB562 |
||
| 100 |
_aBetancourt Rey, Miguel _eautor _98922 |
||
| 245 | 0 |
_aDerecho privado : _bcategorias básicas / _cMiguel Betancourt Rey; prólogo., José Alejandro Bonivento Fernández |
|
| 250 | _a1 edición | ||
| 260 |
_aBogotá, Colombia : _bUniversidad Nacional de Colombia, _c1996 |
||
| 300 |
_a595 páginas ; _c24 centímetros. |
||
| 500 | _aIncluye índice y prólogo | ||
| 504 | _aIncluye referencias bibliográficas | ||
| 505 | _aPte. I. Noción del conjunto del derecho civil -- Capitulo preliminar. Contenido del derecho civil -- Significado del derecho -- Derecho y moral -- Gestación del derecho -- Finalidad del derecho -- Derecho positivo y derecho natural -- Ramas del derecho -- Disciplinas auxiliares del derecho -- Libro 1. Contenido del derecho civil -- Cap. 1. Sujetos de derechos y derechos subjetivos -- Cap. 2. Derechos subjetivos privados -- Cap. 3. Medios de adquisición, traslación y extinción de los derechos subjetivos: los hechos jurídicos -- Cap. 4. Medios de adquisición, traslación y extinción de los derechos subjetivos: loas negocios jurídicos -- Cap. 5. Clasificación de los medios de adquisición, traslación y extinción de los derechos privados -- Libro 2. Continente del derecho civil (Derecho civil objetivo) -Título 1. Las varias fuentes del derecho civil -- Cap. 1. Generalidades: fuentes reales y formales del derecho -- Cap. 2. La ley: historia y características de la legislación colombiana -- Cap. 3. La costumbre -- Cap. 4. Los principios generales del derecho -- Cap. 5. La jurisprudencia -- Título 2. Teoría general de la ley civil -- Cap. 1. Caracteres de la ley -- Cap.2. Interpretación de la ley e integración del derecho -- Cap. 3. Conflictos de la ley en el tiempo -- Cap. 4. Conflictos de ley en el espacio -- Pte. 2. Régimen civil de las personas -- Título 1. La persona y sus atributos -- Cap. 1. Principio y fin de la persona -- Cap. 2. Atributos de la personalidad --Cap. Estado civil -- Cap. 4. Prueba del estado civil -- Título 2. Las incapacidades -- Cap. 1. Generalidades: incapacidad y representación legal -- Cap. 2. Características de las varias incapacidades -- Cap. 3. Representación legal del hijo de familia -- Cap. 4. Representación legal de los demás incapaces -- Libro 2. Personas jurídicas -- Cap. 1. Naturaleza y clasificación de las personas jurídicas -- Cap. 2. Nacimiento, vida y extinción de las personas jurídicas -- Cap. 3. Capacidad y atributos de la personas jurídicas | ||
| 521 | _aAREA PROFESIONAL | ||
| 590 | _aPrograma de Derecho_18 | ||
| 650 |
_aDerecho privado _98923 |
||
| 700 |
_4Bonivento Fernández, José Alejandro _eprólogo _98924 |
||
| 942 |
_cBK _h346 _iB562 _2ddc _n0 |
||
| 999 |
_c29037 _d29037 |
||